00642 a2200181 450000100060000002000240000604000240003010000260005424000530008024500480013330000100018136200090019165000260020094200070022695201050023395201050033899900170044347326 a8536006439 (broch.) cAnchieta - Aquarius aRypl, André João.10a=100 magias para conviver bem com seus paislpor10a=100 magias para conviver bem com seus pais a95p. 0 a2003 4aLiteratura brasileira cBK 00104070a87.1b87.1d2023-11-21l0o869.93 RYP 100p5901/AQUr2023-11-21 15:14:10w2023-11-21yBK 00104070a87.1b87.1d2023-11-21l0o869.93 RYP 100p5902/AQUr2023-11-21 15:14:10w2023-11-21yBK c47326d47326